Hãy Giữ Những Ước Mơ

Сохранить в:
Библиографические подробности
Главный автор: Nhiều TG
Формат:
Язык:Vietnamese
Опубликовано: Hà Nội 2013
Метки: Добавить метку
Нет меток, Требуется 1-ая метка записи!
Thư viện lưu trữ: Mạng thư viện Đại học Đà Nẵng
LEADER 00609nam a2200277 4500
001 000025583
003 115
005 20150204120000.0
008 150204s vm 000 vie
020 |c 35000,0000 
040 |a D1 
100 |a Nhiều TG 
245 |a Hãy Giữ Những Ước Mơ 
260 |b Hà Nội  |c 2013 
300 |a 191tr. ; 
OWN |a LTT 
999 |a From the UDN01 
TYP |a Monograph 
TYP |a Printed language 
980 |a Mạng thư viện Đại học Đà Nẵng